| 000 | nam a22 a 4500 | ||
|---|---|---|---|
| 999 |
_c4215 _d4215 |
||
| 003 | AKMAL | ||
| 005 | 20170525152944.0 | ||
| 008 | 170525s1992 my a00 may d | ||
| 020 |
_a9836228837 (kkt.): _cRM8.50 |
||
| 040 |
_aAKMAL _cAKMAL |
||
| 049 | _amal | ||
| 082 | 0 | 4 | _a959.5105 MOH |
| 090 |
_a959.5105 _bMOH |
||
| 100 |
_aMohamad Isa Othman _98252 |
||
| 245 | 1 | 0 |
_aPendudukan Jepun di Tanah Melayu 1942 - 1945 : _btumpuan di negeri Kedah / _cMohamad Isa Othman |
| 260 |
_aKuala Lumpur : _bDewan Bahasa dan Pustaka, _c1992 |
||
| 300 |
_axi, 176ms. : _bil., peta ; _c22cm |
||
| 500 | _aMengandungi indek | ||
| 504 | _aBibliografi: ms. 157-170 | ||
| 650 |
_aMalaya _xHistory _yJapanese occupation, 1942-1945 _98253 |
||
| 650 |
_aWorld War, 1939-1945 _zKedah _98254 |
||
| 942 |
_2ddc _cBOOK |
||